Komiker nach Programm - Statistiken

Allgemein
  • Dieses Quiz wurde 83 mal gespielt
  • Das Durchschnittsergebnis liegt bei 6 aus 24
Antwortstatistiken
Programm Komiker % Korrekt
Pussy Terror Carolin Kebekus
79%
Der ostfriesische Götterbote Otto Waalkes
64%
Männer sind primitiv, aber glücklich! Mario Barth
59%
Lucky Man Luke Mockridge
47%
Pink is Bjutiful Cindy aus Marzahn (Ilka Bessin)
46%
Hetz mich nicht Sascha Grammel
39%
Haardrock Bülent Ceylan
38%
Selfie von Mutti! Wenn Eltern cool sein wollen Chris Tall
30%
Es ist nie zu spät, unpünktlich zu sein Torsten Sträter
30%
Kenn ick Felix Lobrecht
24%
Achtung Baby! Michael Mittermeier
24%
Richtig Fremdgehen Atze Schröder
13%
Sexy forever Olaf Schubert
12%
Hitler Kebab Serdar Somuncu
11%
Endlich Freizeit – Was für’n Stress! Paul Panzer
8%
Milchbrötchenrechnung Johann König
7%
All Inclusive! Kaya Yanar
7%
Morgen mach ich Schluß! ...Wahrscheinlich!? Mirja Boes
4%
Zwischen Ghetto und Germanen Abdelkarim
3%
Wie soll ich sagen Jürgen von der Lippe
3%
Mut zur Lücke Matze Knop
3%
Der Schatz im Silbensee Willy Astor
3%
Der Teufel trägt Pampers Lisa Feller
1%
Hauptsach’ g’sund Monika Gruber
1%
Keine übereinstimmenden Quizze gefunden
Verteilung der Resultate
Anzahl Personen mit jedem Resultat
Perzentil nach korrekt beantworteten Fragen
Ihre Resultats-Entwicklung
Sie haben dieses Quiz noch nicht gespielt